Cuestiones constitucionales (1873-1878) / (Record no. 181255)

MARC details
000 -LEADER
campo de control de longitud fija 00838nam a2200181 i 4500
001 - NÚMERO DE CONTROL
campo de control 181255
003 - IDENTIFICADOR DE NÚMERO DE CONTROL
campo de control ES-MaACL
005 - FECHA Y HORA DE LA ÚLTIMA TRANSACCIÓN
campo de control 20230910212758.0
008 - DATOS DE LONGITUD FIJA--INFORMACIÓN GENERAL
campo de control de longitud fija 121121s1882 sp |||| | spa d
100 1# - ENTRADA PRINCIPAL--NOMBRE DE PERSONA
Nombre de persona Gladstone, Willian Ewart.
9 (RLIN) 127343
245 10 - MENCIÓN DEL TÍTULO
Título Cuestiones constitucionales (1873-1878) /
Mención de responsabilidad, etc. W.[illiam] E.[wart] Gladstone ; traducción directa del inglés de A.R.Ch ; precedida de unos apuntes biográficos con el retrato del autor y un prólogo de D. Francisco Cañamaque.
260 ## - PUBLICACIÓN, DISTRIBUCIÓN, ETC.
Lugar de publicación, distribución, etc. Madrid :
Nombre del editor, distribuidor, etc. Lib. de Simon y Osler,
Fecha de publicación, distribución, etc. 1882 (
Fabricante [Imp. "La Guirnalda"])
300 ## - DESCRIPCIÓN FÍSICA
Extensión XXIV, 283 p., [1] h de lám. ;
Dimensiones 20 cm.
651 #4 - PUNTO DE ACCESO ADICIONAL DE MATERIA--NOMBRE GEOGRÁFICO
Nombre geográfico Gran Bretaña-
Subdivisión general Historia-
Subdivisión cronológica S.XIX.
9 (RLIN) 149699
700 1# - ENTRADA AGREGADA--NOMBRE PERSONAL
Nombre de persona Cañamaque y Jiménez, Francisco,
Fechas asociadas al nombre 1851-1891
9 (RLIN) 34730
852 ## - LOCALIZACIÓN
Ubicación ES-MaACL
Número de control de estantería D-1178
Nota libre .- Legado M. de la Fuente
Holdings
Estatus retirado Estado de pérdida Estado de daño No para préstamo Colección Biblioteca de origen Biblioteca actual Ubicación en estantería Fecha de adquisición Fuente de adquisición Total de préstamos Signatura topográfica completa Código de barras Visto por última vez Precio de reemplazo Tipo de ítem Koha
        Libros del s. XIX Biblioteca del Ateneo de Madrid Biblioteca del Ateneo de Madrid Sala Valle Inclán 10/12/2012     D-1178 901190564 23/02/2023 23/02/2023 Libro impreso antiguo